Automatizovaný systém riadenia dopravnej sústavy ČSSR výber a zhodnotenie ekonomicko-matematických metód a modelov pre plánovacie odvetvia : 905-127-307-00.06-EE02

Gespeichert in:
Bibliographische Detailangaben
Format: Buch
Sprache:Slowakisch
Veröffentlicht: Bratislava Vysoká škola ekonomická 1983
Tags: Tag hinzufügen
Keine Tags, Fügen Sie das erste Tag hinzu!

MARC

LEADER 00000nam a2200000 4500
001 c110063
005 20250520130710.5
041 0 |a slo 
044 |a SK 
245 1 0 |a Automatizovaný systém riadenia dopravnej sústavy ČSSR  |b výber a zhodnotenie ekonomicko-matematických metód a modelov pre plánovacie odvetvia : 905-127-307-00.06-EE02 
264 1 |a Bratislava  |b Vysoká škola ekonomická  |c 1983 
300 |a 57 s.